Statistics for Taylor Swift (Midnights) A to Z

Click here to take the quiz!

General Stats

  • This quiz has been taken 23 times
  • The average score is 16 of 22

Answer Stats

LetterSong% Correct
AAnti-Hero
100%
KKarma
93%
BBejeweled
87%
QQuestion ?
87%
GGlitch
80%
MMaroon
80%
Midnight Rain
80%
SSnow On The Beach
80%
VVigilante Sh"t
80%
LLabyrinth
73%
Mastermind
73%
You're On Your Own, Kid
73%
DDear Reader
67%
PParis
67%
Bigger Than The Whole Sky
60%
HHigh Infidelity
60%
Lavender Haze
60%
Sweet Nothing
60%
TThe Great War
60%
WWould've Could've Should've
53%
Hits Different
47%
YYou're Losing Me
47%

Score Distribution

Percentile by Number Answered

Percent of People with Each Score

Your Score History

You have not taken this quiz